00802nam a22001695i 4500001000700000003000900007005001700016008004100033040003000074100003500104245018300139260005400322300002100376500007700397711005800474852010000532160969ES-MaACL20230906212151.0990526s1885 be |||| | fre d aCCPB | B bspa cCCPB | B1 aOliver y Esteller, Bienvenido.14aDes innovations introduites dans la législation de la lettre de change, billets à ordre et chèques par le nouveau Code de Commerce d'Espagne / cpar Bienv. Oliver Esteller. aAnvers : b[s.n., c1885?] (fRatinckx frères) a14 p. ; c22 cm. aPrecede al tít.: Cingrès International de Droit Commercial d'Anvers.21aCongrès International de Droit Commercial d'Anvers. aES-MaACLjT-424-F-10 z-- Enc. hol. q-- Falto de la cub. originalz-- Enc. en un vol. facticio